Оповідання про славне Військо Запорозьке низове (Запис № 356734)

МАРК-запис
000 -Лідер
fixed length control field 00865nam a22002537a 4500
003 - Ідентифікатор контрольного номера
control field UA-OsUOA
001 - Контрольний номер
control field 70462
007 - Фіксоване поле фізичного опису
fixed length control field ta
008 - Елементи даних фіксованої довжини – загальна інформація
fixed length control field 20100906b un ||||| |||| 00| 0 ukr d
090 ## - Локальний шифр розміщення
Класифікаційний індекс УДК 94(477).04
Авторський знак (НП) К31
040 ## - Джерело каталогізації
Агенція оригінальної каталогізації UA-OsUOA
Мова каталогізації ukr
Агенція, яка здійснювала перезапис UA-OsUOA
Агенція, яка здійснювала модифікацію UA-OsUOA
041 ## - Код мови
Код мови тексту/ звукової доріжки чи окремого заголовка (П) ukr
080 ## - Індекс Універсальної десяткової класифікації
Індекс Універсальної десяткової класифікації (УДК) (НП) 94(477).04
020 ## - Міжнародний стандартний книжковий номер (ISBN)
Міжнародний стандартний книжковий номер (ISBN) (НП) 5-7775-0301-2
100 ## - Основне введення – ім’я особи
Ім’я особи (НП) Кащенко Андріан
245 ## - Відомості про назву
Назва (НП) Оповідання про славне Військо Запорозьке низове
Решта назви (НП) оповідання
260 ## - Публікація, розповсюдження і т.п. (Вихідні дані)
Місце публікації, розповсюдження і т.п. (П) Дніпропетровськ
Ім’я/ наймення видавництва, розповсюджувача і т.п. (П) Січ
Дата публікації, розповсюдження і т.п. (П) 1991
246 31 - Інша форма назви
Назва (НП) Коротка історія Війська Запорозького з малюнками, картами і планами
Номер частини/ розділ роботи (П)
300 ## - Фізичний опис
Обсяг 493 с.
650 #7 - Додаткове предметне введення – тематичний термін
Тематичний термін чи географічна назва, як елемент введення (НП) 9 Географія. Біографії. Історія
Джерело заголовка чи терміна UDC
942 ## - Додаткові елементи входу (Коха)
Тип елемента Koha Книги
955 ## - Код типу видання за змістом
Код типу видання за змістом (НП) Літературно-художні видання
Фонди
Стан вилучень Стан втрат Джерело класифікації або схеми стелажів Стан уражень Не для кредиту Постійне місце розташування Поточне розміщення Дата придбання Джерело придбання Вартість, звичайна ціна покупки Інвентарний номер Усього замовленно Повний номер виклику Штрих-код Дата останнього перегляду Ціна ефективна від Тип елемента Koha
    Universal Decimal Classification     АБ - Абонемент НБ АБ - Абонемент НБ 06/09/2010 69/2010 5.00 129214   94(477).04 К31 129214 11/05/2022 06/09/2010 Книги